Raphael Meldola...reminiscences of his worth and work by those who knew him, together with a chronological list of his publications 1869-1915 /

Saved in:
Bibliographic Details
Other Authors: Marchant, James, Sir, 1867-1956
Format: Book
Language:English
Published: London : Williams and Norgate, 1916.
Subjects:
LEADER 00947nam a2200205 i 4500
001 c000128441
003 CARM
005 00000000000000.0
008 840316s1916 enk 0 eng d
019 1 |a 10220797  |5 LACONCORD2021 
035 |a (OCoLC)221653474  |5 LACONCORD2021 
245 0 0 |a Raphael Meldola...reminiscences of his worth and work by those who knew him, together with a chronological list of his publications 1869-1915 /  |c ed. by James Marchant ; preface by the Right Hon. Lord Moulton. 
260 |a London :  |b Williams and Norgate,  |c 1916. 
300 |a 225 p. :  |b (port.). 
500 |a Bibliography: p. 174-225. 
600 1 0 |a Meldola, Raphael,  |d 1849-1915. 
700 1 |a Marchant, James,  |c Sir,  |d 1867-1956. 
852 8 |b CARM  |h A2:AE05G0  |i A00133  |p 0034867  |f BK 
999 f f |i a774230c-e857-5108-aa54-5d14012ddb12  |s 77e7adea-0c1a-5458-a22c-3d51ed2c3708 
952 f f |p Can circulate  |a CAVAL  |b CAVAL  |c CAVAL  |d CARM 1 Store  |e A00133  |f A2:AE05G0  |h Other scheme  |i book  |m 0034867